Cuộc phiêu lưu của Pin-gơ-lơ; T1

में बचाया:
ग्रंथसूची विवरण
मुख्य लेखक: X M Belaev
स्वरूप: पुस्तक
भाषा:Undetermined
प्रकाशित: Hà Nội Kim Đồng 1977
विषय:
टैग : टैग जोड़ें
कोई टैग नहीं, इस रिकॉर्ड को टैग करने वाले पहले व्यक्ति बनें!
Thư viện lưu trữ: Trung tâm Học liệu Trường Đại học Cần Thơ
LEADER 00482nam a2200169Ia 4500
001 CTU_15859
008 210402s9999 xx 000 0 und d
082 |a 891.733 
082 |b B426 
100 |a X M Belaev 
245 0 |a Cuộc phiêu lưu của Pin-gơ-lơ; T1 
245 0 |c X M Belaev; Dịch giả: Tô Thi 
260 |a Hà Nội 
260 |b Kim Đồng 
260 |c 1977 
650 |a russian fiction 
980 |a Trung tâm Học liệu Trường Đại học Cần Thơ